Diccionario Jurd̕ico

Detalles Bibliográficos
Formato: eBook
Lenguaje:español
Publicado: Barcelona : Editorial vLex, 2013
Materias:
Acceso en línea:http://www.vlex.com/source/7288

MARC

LEADER 00000nam a22000007a 4500
005 20130305152822.0
007 cr|||| ||||
008 130305e2013 sp |||||s|||| 00||0 spa d
035 |a 7288 
040 |a vLex 
090 |c 3831  |d 3831 
245 0 0 |a Diccionario Jurd̕ico  |h [Recurso electrn̤ico] 
256 |a Servicio en ln̕ea 
260 |a Barcelona :  |b Editorial vLex,   |c 2013 
300 |a 1 Recurso electrn̤ico 
506 |d vLex Global  |d vLex Global (Academic Edition, excluding Law Schools)  |d vLex Global (U.S. Academic Edition, Law Schools)  |d vLex Global (U.S. Academic Edition, excluding Law Schools)  |d vLex Global (Academic Edition, Law Schools) 
650 0 4 |a Derecho  |v Diccionarios 
740 |a vLex Libros (Servicio en ln̕ea) 
856 |a Acceso restringido  |u http://www.vlex.com/source/7288 
942 |c BOOK 
999 0 |a Law